Statistiques concernant Culture Générale - Série 1357

Cliquez ici pour prendre le quiz!

Statistiques générales

  • Ce quiz a été pris 60 fois
  • Le résultat moyen est 5 sur 10

Statistiques - réponses

QuestionRéponse% Correct
Quel nom désigne à la fois l'abri où on élève des poules et une vieille bicoque ?poulailler
87%
Dans quel pays se trouve le volcan qui a perturbé le trafic aérien européen en avril 2010 ?Islande
82%
A quel poète associe-t-on Elsa Triolet ?Louis Aragon
69%
Quel plat composé de viande crue, d'un jaune d'oeuf et de condiments s'appelle "filet américain" en Belgique ?steak tartare
69%
Quel scientifique, prénommé Sadi, est considéré comme l'un des créateurs de la thermodynamique ?Sadi Carnot
56%
Quelle était la ville néerlandaise de départ du Tour de France 2010 ?Rotterdam
42%
Qu'est-ce qu'un lagopède ou grouse (en Ecosse) ?oiseau
35%
Quel roman d'Octave Mirbeau a été adapté au cinéma par Luis Buñuel, avec Jeanne Moreau dans le premier rôle ?Le Journal d'une femme de chambre
11%
Quelle saga historique a été écrite par Robert Merle, de 1978 à 2003 ?Fortune de France
5%
Supplice originellement en usage dans l'armée et la marine qui consistait à hisser un patient à un mât ou à une potence, les membres liés derrière le dos, et à le laisser retomber plusieurs fois près du sol ou dans la merestrapade
4%

Distribution des résultats

Percentile par nombre de réponses

% des personnes avec chaque résultat

Votre développement - résultats

Vous n’avez pas pris ce quiz